书目信息 |
| 题名: |
植物学
|
|
| 作者: | 王全喜 , 张小平 主编 | |
| 分册: | ||
| 出版信息: | 北京 科学出版社 2004.09 |
|
| 页数: | 462页 | |
| 开本: | 30cm | |
| 丛书名: | 高等师范院校新世纪教材 | |
| 单 册: | ||
| 中图分类: | Q94-43 | |
| 科图分类: | ||
| 主题词: | 植物学--师范院校--教材 | |
| 电子资源: | ||
| ISBN: | 7-03-014181-4 | |
| 000 | 00883nam 2200289 450 | |
| 001 | 0138555999 | |
| 005 | 20050526113430.85 | |
| 010 | @a7-03-014181-4@dCNY39.00 | |
| 100 | @a20041223d2004 km y0chiy0120 ea | |
| 101 | 0 | @achi |
| 102 | @aCN@b110000 | |
| 105 | @aa a 001yy | |
| 200 | 1 | @a植物学@Azhi wu xue@f王全喜, 张小平主编@Fwang quan xi,zhang xiao ping zhu bian |
| 210 | @a北京@c科学出版社@d2004.09 | |
| 215 | @a462页@c图@d30cm | |
| 225 | 2 | @a高等师范院校新世纪教材@i生命科学系列 |
| 312 | @a英文并列题名取自封面 | |
| 320 | @a有书目 ( 第461-462页 ) 和索引。 | |
| 410 | 0 | @12001 @a高等师范院校新世纪教材 |
| 410 | 0 | @12001 @a生命科学系列 |
| 510 | 1 | @aBotany@zeng |
| 606 | 0 | @a植物学@x师范院校@x教材 |
| 690 | @aQ94-43@v4 | |
| 701 | 0 | @a王全喜@Awang quan xi@4主编 |
| 701 | 0 | @a张小平@Azhang xiao ping@4主编 |
| 801 | 0 | @aCN@bQSSK@c20050526 |
| 905 | @dQ94-43@eW317 | |
| 植物学/王全喜, 张小平主编.-北京:科学出版社,2004.09 |
| 462页:图;30cm.-(高等师范院校新世纪教材.生命科学系列) |
| ISBN 7-03-014181-4:CNY39.00 |
| ● |
| 相关链接 |
|
|
|
正题名:植物学
索取号:Q94-43/W317
 
预约/预借
| 序号 | 登录号 | 条形码 | 馆藏地/架位号 | 状态 | 备注 |
| 1 | 498985 | 204989851 | 生命科学与工程学院资料室/ [索取号:Q94-43/W317] | 在馆 | |
| 2 | 498986 | 204989860 | 生命科学与工程学院资料室/ [索取号:Q94-43/W317] | 在馆 | |
| 3 | 498987 | 204989879 | 生命科学与工程学院资料室/ [索取号:Q94-43/W317] | 在馆 |